[Event "DVM U14 2022"]
[Site "Kelheim GER"]
[Date "2022.12.29"]
[Round "6"]
[White "Steinberger, Michael"]
[Black "von Malotky, Mads"]
[Result "1-0"]
[Termination "normal"]
[Board "7.3"]
[WhiteElo "1610"]
[BlackElo "1260"]
[WhiteClock "00:55:28"]
[BlackClock "00:19:16"]
[WhiteTeam "Schachfreunde Augsburg"]
[BlackTeam "SC Borussia Lichtenberg"]
[PlyCount "105"]
[WhiteFideId "34622373"]
[BlackFideId "34626476"]
[EventCountry "GER"]
[EventRounds "7"]
[EventType "team-swiss"]
[EventDate "2022.12.26"]

1. e4 {[%clk 01:30:59]} {[%emt 00:00:02]} c6 {[%clk 01:30:55]} {[%emt
00:00:04]} 2. Nf3 {[%clk 01:31:25]} {[%emt 00:00:05]} d5 {[%clk 01:31:21]}
{[%emt 00:00:05]} 3. d3 {[%clk 01:31:49]} {[%emt 00:00:05]} dxe4 {[%clk
01:31:47]} {[%emt 00:00:05]} 4. dxe4 {[%clk 01:32:14]} {[%emt 00:00:05]} Qxd1
{[%clk 01:32:06]} 5. Kxd1 {[%clk 01:32:39]} {[%emt 00:00:15]} Nf6 {[%clk
01:32:24]} {[%emt 00:00:12]} 6. Nfd2 {[%clk 01:33:02]} {[%emt 00:00:07]} Nbd7
{[%clk 01:30:48]} {[%emt 00:02:06]} 7. c3 {[%clk 01:32:50]} {[%emt 00:00:42]}
Nc5 {[%clk 01:22:54]} {[%emt 00:08:24]} 8. f3 {[%clk 01:32:54]} {[%emt
00:00:26]} e5 {[%clk 01:17:47]} {[%emt 00:05:37]} 9. Nc4 {[%clk 01:32:37]}
{[%emt 00:00:47]} Nfd7 {[%clk 01:17:49]} {[%emt 00:00:28]} 10. Be3 {[%clk
01:31:24]} {[%emt 00:01:44]} f6 {[%clk 01:17:54]} {[%emt 00:00:25]} 11. Nbd2
{[%clk 01:28:57]} {[%emt 00:02:56]} Be7 {[%clk 01:13:12]} {[%emt 00:05:12]} 12.
Kc2 {[%clk 01:26:14]} {[%emt 00:03:14]} O-O {[%clk 00:49:05]} {[%emt 00:24:36]}
13. a4 {[%clk 01:23:20]} {[%emt 00:03:24]} Rd8 {[%clk 00:46:55]} {[%emt
00:02:40]} 14. b4 {[%clk 01:14:20]} {[%emt 00:09:30]} Na6 {[%clk 00:46:10]}
{[%emt 00:01:15]} 15. Nb3 {[%clk 01:13:48]} {[%emt 00:01:02]} Nc7 {[%clk
00:41:07]} {[%emt 00:05:32]} 16. Be2 {[%clk 01:11:55]} {[%emt 00:02:23]} b6
{[%clk 00:40:05]} {[%emt 00:01:33]} 17. Rhd1 {[%clk 01:07:15]} {[%emt
00:05:08]} Ba6 {[%clk 00:38:41]} {[%emt 00:01:54]} 18. Bf1 {[%clk 01:05:23]}
{[%emt 00:02:23]} Nf8 {[%clk 00:37:27]} {[%emt 00:01:44]} 19. a5 {[%clk
01:03:34]} {[%emt 00:02:19]} b5 {[%clk 00:34:37]} {[%emt 00:03:19]} 20. Nb2
{[%clk 00:59:39]} {[%emt 00:04:25]} Nfe6 {[%clk 00:33:45]} {[%emt 00:01:23]}
21. Nd3 {[%clk 00:59:24]} {[%emt 00:00:45]} Kf7 {[%clk 00:28:45]} {[%emt
00:05:30]} 22. Ndc5 {[%clk 00:57:22]} {[%emt 00:02:32]} Nxc5 {[%clk 00:24:52]}
{[%emt 00:04:23]} 23. Nxc5 {[%clk 00:55:48]} {[%emt 00:02:04]} Bxc5 {[%clk
00:24:53]} {[%emt 00:00:29]} 24. Bxc5 {[%clk 00:56:12]} {[%emt 00:00:06]} Ne6
{[%clk 00:23:22]} {[%emt 00:02:01]} 25. Rxd8 {[%clk 00:54:02]} {[%emt
00:02:39]} Nxd8 {[%clk 00:20:06]} {[%emt 00:03:46]} 26. Rd1 {[%clk 00:53:41]}
{[%emt 00:00:51]} Ke8 {[%clk 00:20:21]} {[%emt 00:00:16]} 27. Rd6 {[%clk
00:52:27]} {[%emt 00:01:41]} Bb7 {[%clk 00:20:08]} {[%emt 00:00:45]} 28. g3
{[%clk 00:51:11]} {[%emt 00:01:46]} a6 {[%clk 00:17:18]} {[%emt 00:03:21]} 29.
c4 {[%clk 00:45:14]} {[%emt 00:06:27]} Bc8 {[%clk 00:10:59]} {[%emt 00:06:49]}
30. cxb5 {[%clk 00:41:10]} {[%emt 00:04:33]} cxb5 {[%clk 00:11:11]} {[%emt
00:00:18]} 31. Bb6 {[%clk 00:38:47]} {[%emt 00:02:53]} Bd7 {[%clk 00:08:29]}
{[%emt 00:03:11]} 32. Bxd8 {[%clk 00:37:34]} {[%emt 00:01:45]} Kxd8 {[%clk
00:05:43]} {[%emt 00:03:17]} 33. Bh3 {[%clk 00:37:45]} {[%emt 00:00:18]} Ra7
{[%clk 00:05:47]} {[%emt 00:00:26]} 34. Bxd7 {[%clk 00:37:53]} {[%emt
00:00:21]} Ke7 {[%clk 00:04:19]} {[%emt 00:01:55]} 35. Rd5 {[%clk 00:33:50]}
{[%emt 00:04:35]} Rxd7 {[%clk 00:04:17]} {[%emt 00:00:32]} 36. Rxd7 {[%clk
00:34:15]} {[%emt 00:00:06]} Kxd7 {[%clk 00:04:28]} {[%emt 00:00:19]} 37. f4
{[%clk 00:34:39]} {[%emt 00:00:06]} Kd6 {[%clk 00:04:17]} {[%emt 00:00:38]} 38.
Kd3 {[%clk 00:34:53]} {[%emt 00:00:19]} h6 {[%clk 00:04:18]} {[%emt 00:00:25]}
39. f5 {[%clk 00:31:23]} {[%emt 00:04:04]} Ke7 {[%clk 00:04:28]} {[%emt
00:00:20]} 40. Ke3 {[%clk 00:31:17]} {[%emt 00:00:33]} Kf7 {[%clk 00:04:44]}
{[%emt 00:00:17]} 41. h4 {[%clk 00:28:18]} {[%emt 00:03:29]} g6 {[%clk
00:02:26]} {[%emt 00:02:47]} 42. fxg6 {[%clk 00:27:28]} {[%emt 00:01:21]} Kxg6
{[%clk 00:02:41]} {[%emt 00:00:15]} 43. g4 {[%clk 00:27:48]} {[%emt 00:00:10]}
h5 {[%clk 00:01:43]} {[%emt 00:01:27]} 44. Kf3 {[%clk 00:27:36]} {[%emt
00:00:42]} Kh6 {[%clk 00:28:33]} {[%emt 00:03:41]} 45. gxh5 {[%clk 00:52:51]}
{[%emt 00:05:15]} Kxh5 {[%clk 00:28:19]} {[%emt 00:00:44]} 46. Kg3 {[%clk
00:53:15]} {[%emt 00:00:06]} Kh6 {[%clk 00:18:15]} {[%emt 00:10:34]} 47. Kg4
{[%clk 00:53:37]} {[%emt 00:00:08]} Kg6 {[%clk 00:18:26]} {[%emt 00:00:19]} 48.
h5 {[%clk 00:53:54]} {[%emt 00:00:13]} Kh6 {[%clk 00:18:23]} {[%emt 00:00:33]}
49. Kf5 {[%clk 00:54:11]} {[%emt 00:00:13]} Kxh5 {[%clk 00:18:48]} {[%emt
00:00:06]} 50. Kxf6 {[%clk 00:54:33]} {[%emt 00:00:07]} Kh6 {[%clk 00:18:33]}
{[%emt 00:00:44]} 51. Kxe5 {[%clk 00:54:57]} {[%emt 00:00:06]} Kg7 {[%clk
00:18:52]} {[%emt 00:00:12]} 52. Ke6 {[%clk 00:55:06]} {[%emt 00:00:21]} Kf8
{[%clk 00:19:16]} {[%emt 00:00:06]} 53. Kd7 {[%clk 00:55:28]} {[%emt 00:00:07]}
1-0

[Event "DVM U14 2022"]
[Site "Kelheim GER"]
[Date "2022.12.29"]
[Round "6"]
[White "Borchert, Yuri"]
[Black "Yetim, Orhan"]
[Result "1/2-1/2"]
[Termination "normal"]
[Board "7.4"]
[WhiteElo "1182"]
[BlackElo "1404"]
[WhiteClock "00:16:38"]
[BlackClock "00:34:22"]
[WhiteTeam "SC Borussia Lichtenberg"]
[BlackTeam "Schachfreunde Augsburg"]
[PlyCount "65"]
[WhiteFideId "34626468"]
[BlackFideId "34640371"]
[EventCountry "GER"]
[EventRounds "7"]
[EventType "team-swiss"]
[EventDate "2022.12.26"]

1. d4 {[%clk 01:30:55]} {[%emt 00:00:05]} d5 {[%clk 01:30:32]} {[%emt
00:00:28]} 2. Nf3 {[%clk 01:31:08]} {[%emt 00:00:17]} Nf6 {[%clk 01:30:30]}
{[%emt 00:00:32]} 3. e3 {[%clk 01:31:13]} {[%emt 00:00:24]} Bf5 {[%clk
01:30:23]} {[%emt 00:00:38]} 4. Bd3 {[%clk 01:30:53]} {[%emt 00:00:50]} Bg6
{[%clk 01:30:27]} {[%emt 00:00:26]} 5. O-O {[%clk 01:30:02]} {[%emt 00:01:21]}
e6 {[%clk 01:30:32]} {[%emt 00:00:25]} 6. c3 {[%clk 01:29:50]} {[%emt
00:00:41]} Nbd7 {[%clk 01:29:38]} {[%emt 00:01:26]} 7. Qc2 {[%clk 01:20:50]}
{[%emt 00:09:29]} Bd6 {[%clk 01:24:50]} {[%emt 00:05:18]} 8. Nbd2 {[%clk
01:20:11]} {[%emt 00:01:09]} c5 {[%clk 01:23:30]} {[%emt 00:01:50]} 9. Bxg6
{[%clk 01:15:00]} {[%emt 00:05:41]} hxg6 {[%clk 01:23:13]} {[%emt 00:00:49]}
10. e4 {[%clk 01:14:21]} {[%emt 00:01:07]} dxe4 {[%clk 01:14:43]} {[%emt
00:08:59]} 11. Nxe4 {[%clk 01:13:57]} {[%emt 00:00:55]} Nxe4 {[%clk 01:14:12]}
{[%emt 00:01:00]} 12. Qxe4 {[%clk 01:14:01]} {[%emt 00:00:27]} Qc7 {[%clk
01:14:11]} {[%emt 00:00:31]} 13. h3 {[%clk 01:12:58]} {[%emt 00:01:33]} Nf6
{[%clk 01:11:12]} {[%emt 00:03:28]} 14. Qd3 {[%clk 01:08:46]} {[%emt 00:04:42]}
O-O-O {[%clk 01:06:21]} {[%emt 00:05:21]} 15. Be3 {[%clk 01:04:14]} {[%emt
00:05:02]} c4 {[%clk 01:03:42]} {[%emt 00:03:08]} 16. Qc2 {[%clk 00:59:34]}
{[%emt 00:05:10]} Rh5 {[%clk 00:55:20]} {[%emt 00:08:53]} 17. b3 {[%clk
00:50:12]} {[%emt 00:09:52]} Rdh8 {[%clk 00:51:03]} {[%emt 00:04:48]} 18. Rfd1
{[%clk 00:44:56]} {[%emt 00:05:45]} Nd5 {[%clk 00:44:21]} {[%emt 00:07:13]} 19.
Bd2 {[%clk 00:40:02]} {[%emt 00:05:24]} Bf4 {[%clk 00:40:52]} {[%emt 00:03:59]}
20. b4 {[%clk 00:30:52]} {[%emt 00:09:39]} Bxd2 {[%clk 00:38:17]} {[%emt
00:03:04]} 21. Qxd2 {[%clk 00:23:30]} {[%emt 00:07:53]} Qf4 {[%clk 00:37:33]}
{[%emt 00:01:14]} 22. Qxf4 {[%clk 00:21:48]} {[%emt 00:02:12]} Nxf4 {[%clk
00:37:33]} {[%emt 00:00:29]} 23. Kf1 {[%clk 00:21:51]} {[%emt 00:00:28]} Nd3
{[%clk 00:37:39]} {[%emt 00:00:24]} 24. Ne1 {[%clk 00:20:10]} {[%emt 00:02:09]}
Nxe1 {[%clk 00:37:36]} {[%emt 00:00:34]} 25. Rxe1 {[%clk 00:19:50]} {[%emt
00:00:52]} a5 {[%clk 00:37:47]} {[%emt 00:00:18]} 26. Rab1 {[%clk 00:19:27]}
{[%emt 00:00:54]} Re8 {[%clk 00:36:08]} {[%emt 00:02:09]} 27. Rb2 {[%clk
00:19:24]} {[%emt 00:00:33]} e5 {[%clk 00:36:04]} {[%emt 00:00:34]} 28. a4
{[%clk 00:18:52]} {[%emt 00:01:01]} Re6 {[%clk 00:36:02]} {[%emt 00:00:33]} 29.
bxa5 {[%clk 00:18:22]} {[%emt 00:00:59]} exd4 {[%clk 00:36:13]} {[%emt
00:00:18]} 30. Rb4 {[%clk 00:16:24]} {[%emt 00:02:29]} Rxe1 {[%clk 00:34:45]}
{[%emt 00:01:57]} 31. Kxe1 {[%clk 00:16:48]} {[%emt 00:00:08]} Re5 {[%clk
00:34:41]} {[%emt 00:00:33]} 32. Kd2 {[%clk 00:16:30]} {[%emt 00:00:48]} dxc3
{[%clk 00:34:22]} {[%emt 00:00:46]} 33. Kxc3 {[%clk 00:16:38]} {[%emt
00:00:25]} 1/2-1/2

[Event "DVM U14 2022"]
[Site "Kelheim GER"]
[Date "2022.12.29"]
[Round "6"]
[White "Moldovan, Tatiana"]
[Black "Schneble, Milan"]
[Result "0-1"]
[Termination "normal"]
[Board "8.1"]
[WhiteElo "1435"]
[BlackElo "1521"]
[WhiteClock "00:54:54"]
[BlackClock "00:37:45"]
[WhiteTeam "SG Königskinder Hohentübingen e.V."]
[BlackTeam "SF Birkenfeld"]
[PlyCount "76"]
[WhiteFideId "16287398"]
[BlackFideId "16266102"]
[EventCountry "GER"]
[EventRounds "7"]
[EventType "team-swiss"]
[EventDate "2022.12.26"]

1. e4 {[%clk 01:30:55]} {[%emt 00:00:02]} d6 {[%clk 01:30:56]} {[%emt
00:00:05]} 2. d4 {[%clk 01:31:18]} {[%emt 00:00:08]} Nf6 {[%clk 01:31:21]}
{[%emt 00:00:04]} 3. Nc3 {[%clk 01:31:40]} {[%emt 00:00:10]} g6 {[%clk
01:31:42]} {[%emt 00:00:08]} 4. Be3 {[%clk 01:32:02]} {[%emt 00:00:08]} c6
{[%clk 01:32:03]} {[%emt 00:00:08]} 5. h3 {[%clk 01:32:23]} {[%emt 00:00:09]}
b5 {[%clk 01:30:40]} {[%emt 00:01:53]} 6. Bd3 {[%clk 01:31:57]} {[%emt
00:00:56]} Nbd7 {[%clk 01:29:45]} {[%emt 00:01:25]} 7. Nf3 {[%clk 01:31:42]}
{[%emt 00:00:45]} Bg7 {[%clk 01:26:20]} {[%emt 00:03:55]} 8. Qd2 {[%clk
01:32:03]} {[%emt 00:00:10]} O-O {[%emt 00:01:48]} 9. Bh6 {[%clk 01:32:16]}
{[%emt 00:00:07]} Bb7 {[%clk 01:23:55]} {[%emt 00:01:46]} 10. h4 {[%clk
01:30:55]} {[%emt 00:01:51]} b4 {[%clk 01:16:53]} {[%emt 00:07:32]} 11. Ne2
{[%clk 01:30:52]} {[%emt 00:00:33]} c5 {[%clk 01:16:58]} {[%emt 00:00:25]} 12.
d5 {[%clk 01:25:41]} {[%emt 00:05:42]} Nb6 {[%clk 01:12:52]} {[%emt 00:04:35]}
13. h5 {[%clk 01:25:02]} {[%emt 00:01:09]} Bxh6 {[%clk 01:02:25]} {[%emt
00:10:57]} 14. Qxh6 {[%clk 01:25:18]} {[%emt 00:00:14]} c4 {[%clk 01:02:46]}
{[%emt 00:00:09]} 15. hxg6 {[%clk 01:24:41]} {[%emt 00:01:07]} fxg6 {[%clk
00:58:11]} {[%emt 00:05:04]} 16. e5 {[%clk 01:23:49]} {[%emt 00:01:24]} cxd3
{[%clk 00:57:51]} {[%emt 00:00:50]} 17. exf6 {[%clk 01:23:38]} {[%emt
00:00:40]} Rf7 {[%clk 00:57:32]} {[%emt 00:00:49]} 18. Ng5 {[%clk 01:23:50]}
{[%emt 00:00:19]} dxe2 {[%clk 00:57:36]} {[%emt 00:00:26]} 19. Nxf7 {[%clk
01:23:42]} {[%emt 00:00:37]} Kxf7 {[%clk 00:57:55]} 20. Qg7 {[%clk 01:23:36]}
{[%emt 00:00:48]} Ke8 {[%emt 00:00:16]} 21. Rxh7 {[%clk 01:23:48]} {[%emt
00:00:14]} Kd7 {[%emt 00:00:50]} 22. fxe7 {[%clk 01:23:48]} {[%emt 00:00:16]}
Qe8 {[%clk 00:57:19]} {[%emt 00:01:17]} 23. Kxe2 {[%clk 01:20:02]} {[%emt
00:04:17]} Nxd5 {[%clk 00:57:33]} {[%emt 00:00:15]} 24. Re1 {[%clk 01:18:58]}
{[%emt 00:01:34]} Nf4 {[%clk 00:57:09]} {[%emt 00:00:53]} 25. Kd2 {[%clk
01:18:40]} {[%emt 00:00:48]} Ne6 {[%clk 00:56:58]} {[%emt 00:00:42]} 26. Qf6
{[%clk 01:17:23]} {[%emt 00:01:46]} Bd5 {[%clk 00:53:57]} {[%emt 00:03:32]} 27.
Reh1 {[%clk 01:17:06]} {[%emt 00:00:47]} Nc5 {[%clk 00:53:22]} {[%emt
00:01:05]} 28. f3 {[%clk 01:17:12]} {[%emt 00:00:24]} Bg8 {[%clk 00:51:16]}
{[%emt 00:02:37]} 29. Rh8 {[%clk 01:14:42]} {[%emt 00:02:59]} Qxe7 {[%clk
00:49:14]} {[%emt 00:02:32]} 30. R8h7 {[%clk 01:15:01]} {[%emt 00:00:11]} Bxh7
{[%clk 00:48:48]} {[%emt 00:00:57]} 31. Qd4 {[%emt 00:03:34]} a5 {[%clk
00:43:25]} {[%emt 00:05:46]} 32. c3 {[%clk 01:09:56]} {[%emt 00:02:37]} bxc3
{[%clk 00:42:25]} {[%emt 00:01:30]} 33. Qxc3 {[%clk 01:10:05]} {[%emt
00:00:21]} Re8 {[%clk 00:39:13]} {[%emt 00:03:41]} 34. Kc1 {[%clk 01:01:44]}
{[%emt 00:08:52]} g5 {[%clk 00:36:48]} {[%emt 00:02:56]} 35. Qxa5 {[%clk
00:55:16]} {[%emt 00:06:57]} Qe3 {[%clk 00:37:03]} {[%emt 00:00:13]} 36. Qd2
{[%clk 00:55:17]} {[%emt 00:00:31]} Nd3 {[%clk 00:37:11]} {[%emt 00:00:22]} 37.
Kd1 {[%clk 00:55:12]} {[%emt 00:00:35]} Nf2 {[%clk 00:37:25]} {[%emt 00:00:16]}
38. Kc1 {[%clk 00:54:54]} {[%emt 00:00:48]} Rc8# {[%clk 00:37:45]} {[%emt
00:00:10]} 0-1

[Event "DVM U14 2022"]
[Site "Kelheim GER"]
[Date "2022.12.29"]
[Round "6"]
[White "Ehrlich, Patrick"]
[Black "Moldovan, Stela"]
[Result "1/2-1/2"]
[Termination "normal"]
[Board "8.2"]
[WhiteElo "1522"]
[BlackElo "1271"]
[WhiteClock "00:40:19"]
[BlackClock "00:45:47"]
[WhiteTeam "SF Birkenfeld"]
[BlackTeam "SG Königskinder Hohentübingen e.V."]
[PlyCount "77"]
[WhiteFideId "34604316"]
[BlackFideId "16287380"]
[EventCountry "GER"]
[EventRounds "7"]
[EventType "team-swiss"]
[EventDate "2022.12.26"]

1. d4 {[%clk 01:30:58]} {[%emt 00:00:03]} d5 {[%clk 01:30:55]} {[%emt
00:00:05]} 2. Nf3 {[%clk 01:31:23]} {[%emt 00:00:07]} Nf6 {[%clk 01:31:17]}
{[%emt 00:00:05]} 3. e3 {[%clk 01:31:47]} {[%emt 00:00:05]} e6 {[%clk
01:31:41]} {[%emt 00:00:06]} 4. Bd3 {[%clk 01:32:09]} {[%emt 00:00:09]} b6
{[%clk 01:31:54]} {[%emt 00:00:17]} 5. Ne5 {[%clk 01:32:15]} {[%emt 00:00:24]}
Bb7 {[%clk 01:32:10]} {[%emt 00:00:13]} 6. Nd2 {[%clk 01:31:50]} {[%emt
00:00:56]} Bd6 {[%clk 01:32:18]} {[%emt 00:00:22]} 7. f4 {[%clk 01:32:13]}
{[%emt 00:00:07]} Ne4 {[%clk 01:32:31]} {[%emt 00:00:17]} 8. Qf3 {[%clk
01:29:27]} {[%emt 00:03:16]} Nxd2 {[%clk 01:31:37]} {[%emt 00:01:24]} 9. Bxd2
{[%clk 01:29:48]} {[%emt 00:00:08]} Qe7 {[%clk 01:29:49]} {[%emt 00:02:18]} 10.
O-O {[%clk 01:26:06]} {[%emt 00:04:12]} Nd7 {[%clk 01:28:31]} {[%emt 00:01:48]}
11. e4 {[%clk 01:20:48]} {[%emt 00:05:48]} Bxe5 {[%clk 01:15:18]} {[%emt
00:13:44]} 12. fxe5 {[%clk 01:21:00]} {[%emt 00:00:18]} c5 {[%clk 01:11:54]}
{[%emt 00:03:54]} 13. c3 {[%clk 01:18:37]} {[%emt 00:02:53]} Rd8 {[%clk
01:09:39]} {[%emt 00:02:43]} 14. Bg5 {[%clk 01:16:42]} {[%emt 00:02:27]} dxe4
{[%clk 01:08:04]} {[%emt 00:02:05]} 15. Bxe7 {[%clk 01:16:32]} {[%emt
00:00:40]} exf3 {[%clk 01:08:25]} {[%emt 00:00:09]} 16. Bxd8 {[%clk 01:16:53]}
{[%emt 00:00:09]} fxg2 {[%clk 01:08:40]} {[%emt 00:00:16]} 17. Rfe1 {[%clk
01:16:35]} {[%emt 00:00:47]} Kxd8 {[%clk 01:08:51]} {[%emt 00:00:18]} 18. Be4
{[%clk 01:16:58]} {[%emt 00:00:08]} Bxe4 {[%clk 01:08:59]} {[%emt 00:00:22]}
19. Rxe4 {[%clk 01:14:54]} {[%emt 00:02:34]} Ke7 {[%clk 01:09:08]} {[%emt
00:00:20]} 20. Kxg2 {[%clk 01:14:58]} {[%emt 00:00:27]} Rc8 {[%clk 01:09:18]}
{[%emt 00:00:17]} 21. Rd1 {[%clk 01:08:02]} {[%emt 00:07:28]} cxd4 {[%clk
01:09:29]} {[%emt 00:00:20]} 22. Rdxd4 {[%clk 01:08:17]} {[%emt 00:00:15]} Rc5
{[%clk 01:09:07]} {[%emt 00:00:51]} 23. Rc4 {[%clk 01:07:53]} {[%emt 00:00:53]}
Rb5 {[%clk 01:06:39]} {[%emt 00:02:48]} 24. Rc7 {[%clk 01:06:27]} {[%emt
00:02:05]} Rxb2 {[%clk 01:05:29]} {[%emt 00:01:43]} 25. Kf3 {[%clk 01:05:41]}
{[%emt 00:01:12]} Rd2 {[%clk 01:04:39]} {[%emt 00:01:22]} 26. Ke3 {[%clk
01:06:01]} {[%emt 00:00:11]} Rd5 {[%clk 01:03:48]} {[%emt 00:01:21]} 27. c4
{[%clk 01:04:46]} {[%emt 00:01:46]} Rc5 {[%clk 01:03:39]} {[%emt 00:00:28]} 28.
Rxc5 {[%clk 01:05:09]} {[%emt 00:00:17]} Nxc5 {[%clk 01:02:55]} {[%emt
00:01:15]} 29. Rh4 {[%clk 01:03:59]} {[%emt 00:01:18]} h6 {[%clk 01:02:49]}
{[%emt 00:00:57]} 30. Rh3 {[%clk 01:03:10]} {[%emt 00:01:20]} Nd7 {[%clk
01:01:55]} {[%emt 00:01:22]} 31. Kd4 {[%clk 01:03:15]} {[%emt 00:00:26]} Nc5
{[%clk 01:01:32]} {[%emt 00:00:53]} 32. Ra3 {[%clk 00:58:50]} {[%emt 00:04:55]}
a5 {[%clk 01:00:39]} {[%emt 00:01:20]} 33. Rg3 {[%clk 00:59:03]} {[%emt
00:00:19]} g6 {[%clk 01:00:57]} {[%emt 00:00:12]} 34. Rg2 {[%clk 00:59:21]}
{[%emt 00:00:11]} Na4 {[%clk 01:00:43]} {[%emt 00:00:39]} 35. Rg1 {[%clk
00:57:24]} {[%emt 00:02:35]} Nc5 {[%clk 00:59:34]} {[%emt 00:01:33]} 36. Rb1
{[%clk 00:54:28]} {[%emt 00:03:31]} Nd7 {[%clk 00:59:36]} {[%emt 00:00:26]} 37.
a4 {[%clk 00:43:09]} {[%emt 00:11:51]} f6 {[%clk 00:45:28]} {[%emt 00:14:38]}
38. exf6 {[%clk 00:40:48]} {[%emt 00:02:48]} Kxf6 {[%clk 00:45:47]} {[%emt
00:00:14]} 39. Rf1 {[%clk 00:40:19]} {[%emt 00:00:57]} 1/2-1/2